000 00627nam a2200241 a 4500
001 nice12345678
003 IN_TiNIC
005 20260116013806.0
008 050524s1994 dela grp 000 0 eng
020 _a8186142
_c75
082 0 0 _a954.025
_bIRV1
100 _aIrvine, William
245 _aArmy of the Indian Moghuls
_b Its Organisation and Administration
260 _aDelhi
_bD.K. Publications
_c1994
300 _a324p
500 _aincludes index and biblioraphy
505 2 _aIndex
650 _aMughal India-Army
700 1 _aIrvine, William
902 _bSRS
942 _cBK
999 _c12523
_d12523